Bienvenue à la Médiathèque de Saint-Andiol
banniere
Accueil Recherche avancée Mon compte
handi1 Rechercher dans le catalogue

Filtre   Mots-clés
  Recherche avancée
 
Lister les dernières nouveautés
 
Lister les livres GROS CARACTERES
 
Lister les périodiques (magazines)

handi1 spécial jeux vidéo

spécial jeux vidéo

<< Retourner aux résultats de la recherche
Book Cover
Auteur principal : Christophe Cazenove
Autres auteurs : William Maury
Titre : spécial jeux vidéo
Support : Livres
Langue : Francais
Publié : DL 2021 Bamboo édition Charnay-lès-Mâcon
Series : Les sisters
Genre : Bande Dessinée (enfants)
Sujets :
Étiquettes :
Pas de tags
LEADER 01056nam0a2200229 450
001 16868347
010 |a 978-2-8189-8009-5  |b rel.  |d 11,95 € 
100 |a 20260529d2026 u u0frey01 ba 
101 0 |a fre 
102 |a FR 
200 0 |a spécial jeux vidéo  |e spécial jeux vidéo  |f Cazenove 
207 1 |a   
210 |a Charnay-lès-Mâcon  |c Bamboo édition  |d DL 2021 
215 |a 1 vol. (54 p.)  |c ill. en coul.  |d 30 cm 
300 |a Notice réd. d'après la couv. 
330 |a Au moment où sort le jeu vidéo inspiré de la BD, les Sisters vous proposent de revivre toutes les aventures qui ont donné naissance aux mini-jeux de la célèbre console Nintendo. Un album best-of 100 % hilarant, agrémenté de making-of du jeu et de nombreux dessins préparatoires. 
461 0 |t Les sisters 
700 0 |a Cazenove  |b Christophe  |c scénariste BD  |f 1969-....  |4 70 
702 0 |a Maury  |b William  |f 1969-....  |4 440 
900 |a Bande Dessinée (enfants) 
901 |a Jeunesse 
995 |a Médiathèque  |c Médiathèque  |f 089021913  |h 089021913  |k BD SIS  |o p  |q j  |r az  |e Médiathèque